MARC details
| 000 -LEADER |
| campo de control de longitud fija |
02357nam a2200373 i 4500 |
| 001 - NÚMERO DE CONTROL |
| campo de control |
192125 |
| 003 - IDENTIFICADOR DE NÚMERO DE CONTROL |
| campo de control |
SpMaBN |
| 005 - FECHA Y HORA DE LA ÚLTIMA TRANSACCIÓN |
| campo de control |
20250808063556.0 |
| 008 - DATOS DE LONGITUD FIJA--INFORMACIÓN GENERAL |
| campo de control de longitud fija |
221104s2018 sp a | |||| 000 0 spa |
| 017 ## - NÚMERO DE COPYRIGHT O DE DEPÓSITO LEGAL |
| Número de copyright o de depósito legal |
M 42296-2018 |
| Agencia que asigna |
Oficina Depósito Legal Madrid |
| 020 ## - NÚMERO INTERNACIONAL ESTÁNDAR DEL LIBRO |
| Número Internacional Estándar del Libro |
978-84-92462-62-9 |
| 024 7# - IDENTIFICADOR DE OTROS ESTÁNDARES |
| Número estándar o código |
824-18-006-7 |
| Fuente del número o código |
nipo |
| 035 ## - NÚMERO DE CONTROL DEL SISTEMA |
| Número de control de sistema |
(OCoLC)1098176735 |
| 040 ## - FUENTE DE CATALOGACIÓN |
| Centro catalogador/agencia de origen |
SpMaBN |
| Lengua de catalogación |
spa |
| Centro/agencia transcriptor |
SpMaBN |
| Normas de descripción |
rda |
| 080 ## - NÚMERO DE LA CLASIFICACIÓN DECIMAL UNIVERSAL |
| Número de la Clasificación Decimal Universal |
091 Libro de horas de Carlos V |
| 100 1# - ENTRADA PRINCIPAL--NOMBRE DE PERSONA |
| Nombre de persona |
Docampo, Javier, |
| Fechas asociadas al nombre |
1962-2020 |
| Término indicativo de función/relación |
Autor |
| 9 (RLIN) |
175734 |
| 245 10 - MENCIÓN DEL TÍTULO |
| Título |
Libro de horas de Carlos V / |
| Mención de responsabilidad, etc. |
textos, Javier Docampo, Samuel Gras |
| 264 #1 - PRODUCCIÓN, PUBLICACIÓN, DISTRIBUCIÓN, FABRICACIÓN Y COPYRIGHT |
| Producción, publicación, distribución, fabricación y copyright |
Madrid : |
| Nombre del de productor, editor, distribuidor, fabricante |
Biblioteca Nacional de España, |
| Fecha de producción, publicación, distribución, fabricación o copyright |
[2018] |
| 300 ## - DESCRIPCIÓN FÍSICA |
| Extensión |
73 páginas, 30 páginas sin numerar : |
| Otras características físicas |
ilustraciones (color) ; |
| Dimensiones |
17 cm |
| 490 1# - MENCIÓN DE SERIE |
| Mención de serie |
Tesoros de la Biblioteca Nacional de España ; |
| Designación de volumen o secuencia |
01 |
| 500 ## - NOTA GENERAL |
| Nota general |
Índice |
| 504 ## - NOTA DE BIBLIOGRAFÍA, ETC. |
| Nota de bibliografía, etc. |
Bibliografía: página 72 |
| 520 ## - RESUMEN, ETC. |
| Sumario, etc. |
Con numerosas ilustraciones en color, presenta, describe y analiza el "Libro de horas de Carlos V", importante testimonio de la producción de manuscritos iluminados en Francia en los años finales del siglo XV y los primeros del siglo XV!. Es un libro de una riqueza iconográfica extraordinaria, tanto por la abundancia de miniaturas, más de 1.200, como por la originalidad de muchas de ellas. Destinado a una alta familia francesa, probablemente de París, logra desarrollar a lo largo de sus páginas un complejo discurso teológico que sirvió a los fieles que lo utilizaron como guía en su vida cristiana. Debió de ser empleado y admirado por el emperador Carlos V, y después de una larga y compleja historia es hoy en día una de las principales joyas de la colección de manuscritos iluminados de la Biblioteca Nacional de España |
| 530 ## - NOTA DISPONIBLE DE FORMULARIO FÍSICO ADICIONAL |
| Nota de formato físico adicional disponible |
Disponible en formato digital |
| 630 07 - PUNTO DE ACCESO ADICIONAL DE MATERIA--TÍTULO UNIFORME |
| Título uniforme |
Libro de horas de Carlos V |
| Fuente del encabezamiento o término |
embne |
| 9 (RLIN) |
234951 |
| 700 1# - ENTRADA AGREGADA--NOMBRE PERSONAL |
| Nombre de persona |
Gras, Samuel |
| Término indicativo de función/relación |
Autor |
| 9 (RLIN) |
175735 |
| 710 2# - ENTRADA AGREGADA--NOMBRE DE ENTIDAD CORPORATIVA |
| Nombre de entidad corporativa o nombre de jurisdicción como elemento de entrada |
Biblioteca Nacional de España |
| Término indicativo de función/relación |
entidad responsable |
| -- |
Editor |
| 9 (RLIN) |
234950 |
| 830 #0 - PUNTO DE ACCESO ADICIONAL DE SERIE-TÍTULO UNIFORME |
| Título uniforme |
Tesoros de la Biblioteca Nacional de España ; |
| Designación de volumen o secuencia |
01 |
| 9 (RLIN) |
193551 |
| 852 4# - LOCALIZACIÓN |
| Ubicación |
ES-MaACL |
| Sublocalización o colección |
R. 153400 |
| Ubicación en estantería |
Depósito J |
| Donativo/Legado |
Donación: Biblioteca Nacional de España |
| Número de control de estantería |
N-8112 |
| itemnumber |
199407 |
| 856 4# - LOCALIZACIÓN Y ACCESO ELECTRÓNICOS |
| Identificador Uniforme de Recursos |
<a href="http://repositorio.dl-e.es/viewer.vm?id=592325&lang=es">http://repositorio.dl-e.es/viewer.vm?id=592325&lang=es</a> |
| Texto de enlace |
Versión en línea |
| Nota pública |
(Biblioteca Nacional de España) |
| 942 ## - ELEMENTOS DE ENTRADA SECUNDARIOS (KOHA) |
| Tipo de ítem Koha |
Libro impreso |
| Suprimir en OPAC |
No |